[Event "36th Zalakaros Open 2017"]
[Site "Zalakaros HUN"]
[Date "2017.05.23"]
[Round "6.45"]
[White "Borsos, Bogdan"]
[Black "Ugroczky, Peter"]
[Result "1/2-1/2"]
[WhiteTitle "IM"]
[BlackTitle "FM"]
[WhiteElo "2321"]
[BlackElo "2185"]
[WhiteFideId "14100568"]
[BlackFideId "758663"]
[EventDate "2017.05.18"]

1. d4 d5 2. c4 e6 3. g3 Nf6 4. Nf3 Be7 5. Bg2 O-O 6. O-O c6 7. Nc3 Nbd7 8. Nd2
b6 9. e4 Bb7 10. cxd5 exd5 11. e5 Ne8 12. f4 f5 13. g4 g6 14. gxf5 gxf5 15. Rf3
Kh8 16. Nf1 Ng7 17. Rh3 Rg8 18. Ng3 Qe8 19. Be3 Qg6 20. Bf3 Nf8 21. Kh1 Nfe6 22.
Qd2 Rad8 23. Rg1 Qf7 24. Qg2 Nf8 25. Rh6 c5 26. Qh3 Bc8 27. Nce2 Be6 28. Rg2 Ne8
29. Nc3 cxd4 30. Bxd4 Bc5 31. Nge2 Rxg2 32. Qxg2 Qg7 33. Rh3 Qxg2+ 34. Bxg2 Ng6
35. Rd3 Nc7 36. a3 Bc8 37. b4 Bxd4 38. Rxd4 Bb7 39. b5 Nh4 40. Rd2 Ne6 41. Nd4
Nxf4 42. Nc6 Bxc6 43. bxc6 Nhxg2 44. c7 Rc8 45. Nxd5 Nxd5 46. Rxd5 Rxc7 47. Kxg2
Kg7 48. Kg3 Rf7 49. Kf4 Kf8 50. e6 Rf6 51. Ke5 Rh6 52. Rd8+ Ke7 53. Rd7+ Ke8 54.
Rxa7 Rxh2 55. Kf6 Rh6+ 56. Kxf5 Rh1 57. a4 Rf1+ 58. Ke5 Re1+ 59. Kd6 Rd1+ 60.
Kc6 Re1 61. Kd6 Rd1+ 62. Kc7 Re1 63. Ra8+ Ke7 64. Rh8 Rxe6 65. Rxh7+ Ke8 66. Rh4
Re7+ 67. Kxb6 Kd8 68. Rh8+ Kd7 69. a5 Re1 70. a6 Rb1+ 71. Ka5 Kc7 1/2-1/2

[Event "36th Zalakaros Open 2017"]
[Site "Zalakaros HUN"]
[Date "2017.05.23"]
[Round "6.46"]
[White "Cebalo, Miso"]
[Black "Pujari, Rucha"]
[Result "1/2-1/2"]
[WhiteTitle "GM"]
[BlackTitle "WFM"]
[WhiteElo "2320"]
[BlackElo "2203"]
[WhiteFideId "14500094"]
[BlackFideId "5024528"]
[EventDate "2017.05.18"]

1. Nf3 d5 2. c4 e6 3. g3 Nf6 4. Bg2 Be7 5. O-O O-O 6. b3 c6 7. Bb2 Nbd7 8. d3 b6
9. Nbd2 Bb7 10. e4 c5 11. Qe2 d4 12. e5 Ne8 13. h4 Nc7 14. Rae1 Rb8 15. Bc1 h6
16. Nh2 Bxg2 17. Kxg2 b5 18. Qh5 Qe8 19. Qf3 Rb6 20. h5 f6 21. exf6 Nxf6 22.
cxb5 Nxh5 23. Qe2 Nxb5 24. Nc4 Ra6 25. Bd2 Nc3 26. Bxc3 dxc3 27. Ng4 Nf6 28.
Nge5 Qh5 29. Qxh5 Nxh5 30. Ng6 Re8 31. Nxe7+ Rxe7 32. Re5 Nf6 33. Rxc5 Rxa2 34.
Ne3 Rb7 35. Rxc3 Rb2 36. Ra1 R2xb3 37. Rxb3 Rxb3 38. Rxa7 Rxd3 39. Re7 Rd6 1/2-1/2

[Event "36th Zalakaros Open 2017"]
[Site "Zalakaros HUN"]
[Date "2017.05.23"]
[Round "6.47"]
[White "Blohberger, Felix"]
[Black "Csiki, Endre"]
[Result "1/2-1/2"]
[WhiteTitle "FM"]
[WhiteElo "2319"]
[BlackElo "2200"]
[WhiteFideId "1632051"]
[BlackFideId "775126"]
[EventDate "2017.05.18"]

1. c4 Nf6 2. Nc3 g6 3. Nf3 Bg7 4. e4 e5 5. Nxe5 Nxe4 6. Nf3 Nxc3 7. dxc3 O-O 8.
Be3 Re8 9. Be2 d6 10. O-O Nc6 11. Qd2 Bf5 12. Rfe1 Qd7 13. Rad1 Rad8 14. h3 f6
15. Bf1 Qf7 16. b3 Kh8 17. Nd4 Nxd4 18. cxd4 Bd7 19. Qa5 Bc8 20. Qxa7 f5 21. g3
b6 22. Bg2 f4 23. Bxf4 Rxe1+ 24. Rxe1 Bxd4 25. Qa8 Re8 26. Be3 Bxe3 27. Rxe3
Rxe3 28. fxe3 Qe8 29. Kh2 Kg7 30. a4 h5 31. h4 Bd7 32. Qa7 Qd8 33. b4 g5 34.
hxg5 h4 35. gxh4 Qe7 36. Qb7 Qe5+ 37. Kg1 Qxe3+ 38. Kf1 Qc1+ 39. Kf2 Qb2+ 40.
Kg3 Qe5+ 41. Kf2 Qb2+ 42. Kg1 Qd4+ 1/2-1/2

[Event "36th Zalakaros Open 2017"]
[Site "Zalakaros HUN"]
[Date "2017.05.23"]
[Round "6.49"]
[White "Terbe, Julianna"]
[Black "Papp, Petra"]
[Result "1/2-1/2"]
[WhiteTitle "WFM"]
[BlackTitle "WGM"]
[WhiteElo "2258"]
[BlackElo "2371"]
[WhiteFideId "708780"]
[BlackFideId "739049"]
[EventDate "2017.05.18"]

1. Nf3 c5 2. e4 Nc6 3. Bb5 Na5 4. c3 a6 5. Ba4 b5 6. Bc2 d5 7. d4 dxe4 8. Bxe4
Bb7 9. Bxb7 Nxb7 10. O-O Nf6 11. a4 e6 12. axb5 axb5 13. Rxa8 Qxa8 14. Na3 Qa6 1/2-1/2

[Event "36th Zalakaros Open 2017"]
[Site "Zalakaros HUN"]
[Date "2017.05.23"]
[Round "6.50"]
[White "Secheres, Adrian-Simion"]
[Black "Krstulovic, Alex"]
[Result "1/2-1/2"]
[WhiteTitle "FM"]
[BlackTitle "FM"]
[WhiteElo "2309"]
[BlackElo "2280"]
[WhiteFideId "1217445"]
[BlackFideId "760056"]
[EventDate "2017.05.18"]

1. d4 d5 2. c4 c6 3. Nc3 Nf6 4. e3 Bf5 5. cxd5 cxd5 6. Qb3 Nc6 7. Bb5 e6 8. Nf3
Bd6 9. O-O O-O 10. Bd2 Na5 11. Qd1 a6 12. Be2 Nd7 13. Na4 Nc4 14. b3 Nxd2 15.
Qxd2 b5 16. Nb2 Qe7 17. Nd3 Nf6 18. Rfc1 Ne4 19. Qa5 g5 20. Rc6 Rfc8 21. Rxc8+
Rxc8 22. Qxa6 Qc7 23. h3 h5 24. Bf1 g4 25. hxg4 hxg4 26. Rc1 Nc3 27. Nfe5 Bxe5
28. Nxe5 Ne2+ 29. Bxe2 Qxc1+ 30. Kh2 Kg7 31. Qb7 Qc7 32. Qxc7 Rxc7 33. Bxb5 Rc2
34. Kg3 Rxa2 35. Nd7 Rb2 36. Nc5 Bc2 37. Ba4 Bd1 38. Nd3 Rb1 39. Nc5 Rb2 40. Nd3
Rb1 41. Nc5 Rc1 42. Bd7 Kf6 43. b4 Ke7 44. Bc6 Be2 45. b5 Rb1 46. Na4 Rb3 47.
Nc5 Rb4 48. Na6 Rb2 49. Nc5 Bf1 50. Na4 Rb4 51. Nc5 Rb2 52. Na4 Rb3 53. Nc5 Rb1
54. Na4 Rb4 55. Nc5 Bxb5 56. Bxb5 Rxb5 1/2-1/2

[Event "36th Zalakaros Open 2017"]
[Site "Zalakaros HUN"]
[Date "2017.05.23"]
[Round "6.53"]
[White "Rakesh, Kumar Jena"]
[Black "Hardicsay, Peter"]
[Result "1/2-1/2"]
[WhiteTitle "FM"]
[BlackTitle "IM"]
[WhiteElo "2288"]
[BlackElo "2218"]
[WhiteFideId "5084822"]
[BlackFideId "700622"]
[EventDate "2017.05.18"]

1. d4 Nf6 2. Nf3 e6 3. Bf4 b6 4. Nbd2 Bb7 5. e3 d6 6. Bd3 Nh5 7. Bg3 Be7 8. c3
Nd7 9. Qc2 g6 10. O-O-O a6 11. c4 c6 12. Ne4 Ndf6 13. Nxf6+ Bxf6 14. e4 Be7 15.
Kb1 O-O 16. Qd2 f5 17. exf5 exf5 18. Bf4 Qd7 19. Bh6 Rfe8 20. Qb4 c5 21. Qb3
Bxf3 22. gxf3 Bf6 23. d5 Rab8 24. a4 Bd4 25. Qc2 Kh8 26. Rhg1 Bg7 27. Bxg7+ Nxg7
28. Qc3 Kg8 29. b3 Qe7 30. Rg3 Qe5 31. Qd2 Re7 32. f4 Qf6 33. Rg5 Rbe8 34. h4
Kf8 35. Qc1 a5 36. Qb2 Qxb2+ 37. Kxb2 Re1 38. Kc2 Rxd1 39. Kxd1 Re7 40. Rg3 Nh5
41. Rf3 Kf7 42. Kd2 Kf6 43. Bc2 Kg7 44. Re3 Kf7 45. Rxe7+ Kxe7 46. Ke3 Kf7 47.
Kf3 Kg7 48. Bd3 Kh6 49. Bc2 Nf6 50. Kg3 Nh5+ 51. Kf3 Kg7 52. Bd3 Kf6 53. Bc2 h6
54. Bd3 g5 55. hxg5+ hxg5 56. fxg5+ Kxg5 57. Bb1 Nf6 58. Bc2 Nd7 59. Kg3 f4+ 60.
Kf3 Ne5+ 61. Ke4 Nd7 62. Kf3 Nb8 63. Bd3 Na6 64. Be4 Nc7 65. Bd3 Ne8 66. Bc2 Ng7
67. Bd3 Nh5 68. Bc2 1/2-1/2

[Event "36th Zalakaros Open 2017"]
[Site "Zalakaros HUN"]
[Date "2017.05.24"]
[Round "7.2"]
[White "Papp, Gabor1"]
[Black "Nisipeanu, Liviu-Dieter"]
[Result "1/2-1/2"]
[WhiteTitle "GM"]
[BlackTitle "GM"]
[WhiteElo "2592"]
[BlackElo "2686"]
[WhiteFideId "718602"]
[BlackFideId "1202758"]
[EventDate "2017.05.18"]

1. Nf3 d5 2. g3 g6 3. c4 dxc4 4. Na3 Nc6 5. Nxc4 Bg7 6. Bg2 e5 7. d3 e4 8. dxe4
Qxd1+ 9. Kxd1 Nf6 10. Nfe5 Nxe5 11. Nxe5 Nxe4 12. Bxe4 Bxe5 13. Kc2 Bd7 14. Bxb7
Rb8 15. Bd5 c6 16. Bb3 Bf5+ 17. Kd2 O-O 18. Rd1 a5 19. Ke1 Rb4 1/2-1/2

[Event "36th Zalakaros Open 2017"]
[Site "Zalakaros HUN"]
[Date "2017.05.24"]
[Round "7.3"]
[White "Gupta, Abhijeet"]
[Black "Svane, Rasmus"]
[Result "1/2-1/2"]
[WhiteTitle "GM"]
[BlackTitle "GM"]
[WhiteElo "2626"]
[BlackElo "2573"]
[WhiteFideId "5010608"]
[BlackFideId "4657101"]
[EventDate "2017.05.18"]

1. c4 e6 2. g3 d5 3. Bg2 Nf6 4. Nf3 dxc4 5. O-O Nbd7 6. Qc2 Nb6 7. b3 cxb3 8.
axb3 Be7 9. Bb2 Nbd5 10. Na3 O-O 11. Nc4 b6 12. Nce5 Nb4 13. Qc4 Bb7 14. Ng4 c5
15. Nh6+ gxh6 16. Qf4 Kg7 17. Ne5 Bxg2 18. Ng4 Nd5 19. Qxh6+ Kh8 20. Kxg2 Rg8
21. Qh4 Rxg4 22. Qxg4 Qg8 23. Qf3 Qg6 24. Ra6 Kg8 25. Rfa1 Ne4 26. Bc3 Ng5 27.
Qd3 Ne4 28. Qf3 Rd8 29. Rxa7 Ng5 30. Qg4 h5 31. Qh4 Nf3 32. Qc4 b5 33. Qxb5 Nd4
34. Bxd4 Qe4+ 35. f3 Qxd4 36. Ra8 Kg7 37. Rxd8 Bxd8 38. Ra2 Nb4 39. Ra7 Qxd2 40.
Qc4 Nd5 41. Qe4 Ne3+ 42. Kf2 Nd1+ 43. Kf1 Ne3+ 44. Kf2 Nd1+ 45. Kf1 Ne3+ 1/2-1/2

[Event "36th Zalakaros Open 2017"]
[Site "Zalakaros HUN"]
[Date "2017.05.24"]
[Round "7.5"]
[White "Mikhalevski, Victor"]
[Black "Zubov, Alexander"]
[Result "1/2-1/2"]
[WhiteTitle "GM"]
[BlackTitle "GM"]
[WhiteElo "2520"]
[BlackElo "2604"]
[WhiteFideId "2801914"]
[BlackFideId "14109409"]
[EventDate "2017.05.18"]

1. d4 Nf6 2. c4 e6 3. Nf3 b6 4. g3 Bb7 5. Bg2 g6 6. Nc3 Ne4 7. d5 Bb4 8. Qd4 Qf6
9. Ne5 Nxc3 10. bxc3 Bc5 11. Qf4 Qxf4 12. Bxf4 f6 13. Nd3 Be7 14. O-O e5 15. Bh6
d6 16. f4 Bf8 17. Bxf8 Rxf8 18. g4 Nd7 19. g5 exf4 20. Nxf4 fxg5 21. Ne6 Rxf1+
22. Rxf1 Ke7 23. Nxg5 Ne5 24. Nxh7 Rh8 25. Ng5 Ba6 26. Rf4 Bxc4 27. Nf7 Nxf7 28.
Rxc4 Kd8 29. Rf4 Ne5 30. h4 Ke7 31. Be4 Rh5 32. Kf2 g5 33. hxg5 Rxg5 34. Bf5 Rh5
35. Be4 Rh3 36. Bf3 Nxf3 37. Rxf3 Rh4 38. Re3+ Kd7 39. Re6 Rc4 40. Re3 Ra4 41.
Rh3 Rxa2 42. Ke3 Kc8 43. Kd3 Kb7 44. e4 b5 45. Rh5 Ra1 46. Kd2 Rg1 47. e5 dxe5
48. Rxe5 Rg6 49. Kc2 Kb6 50. c4 Rg2+ 51. Kb3 Rg3+ 52. Kb2 bxc4 53. Re6+ Kb5 54.
Re7 Kb6 55. Re6+ Kc5 56. Rc6+ Kxd5 57. Rxc7 Rg2+ 58. Kc3 Rg3+ 59. Kc2 a5 60. Ra7
Kc5 61. Rxa5+ Kb4 62. Ra8 Rg2+ 63. Kb1 Kb3 64. Rb8+ Kc3 65. Rc8 Rg4 66. Rc7 Rg8
67. Rc6 Rg1+ 68. Ka2 Kd3 69. Kb2 Rg2+ 70. Kc1 Kc3 71. Kb1 Rb2+ 72. Kc1 Rb5 73.
Rh6 Kb3 74. Rh3+ c3 75. Rh8 Rb4 1/2-1/2

[Event "36th Zalakaros Open 2017"]
[Site "Zalakaros HUN"]
[Date "2017.05.24"]
[Round "7.7"]
[White "Markus, Robert"]
[Black "Kollars, Dmitrij"]
[Result "1/2-1/2"]
[WhiteTitle "GM"]
[BlackTitle "IM"]
[WhiteElo "2673"]
[BlackElo "2503"]
[WhiteFideId "921637"]
[BlackFideId "12909572"]
[EventDate "2017.05.18"]

1. d4 d5 2. c4 c6 3. Nf3 Nf6 4. e3 e6 5. b3 c5 6. Bb2 cxd4 7. exd4 Nc6 8. Nbd2
Be7 9. g3 O-O 10. Bg2 b6 11. O-O Bb7 12. Qe2 Rc8 13. Rfd1 Re8 14. Rac1 Bf8 15.
Nf1 g6 16. Ne3 Bg7 17. Ne5 Ne7 18. b4 Nd7 19. b5 Nxe5 20. dxe5 Rc7 21. cxd5 Rxc1
22. Rxc1 Nxd5 23. Nc4 Bf8 24. Qf3 Qd7 25. Ba3 Qxb5 26. Nd6 Bxd6 27. exd6 Rc8 28.
Qd1 Rxc1 29. Qxc1 f6 30. h4 Kg7 31. Qd2 Qc6 32. g4 Qa4 33. Bc1 Bc6 34. Bf3 Qb4
35. Qh6+ Kg8 36. h5 g5 37. Bxg5 Qe1+ 38. Kg2 fxg5 39. Qxg5+ Kf7 40. h6 Qc3 41.
Qh5+ Kf8 42. Qg5 Qf6 43. Qxf6+ Nxf6 44. Bxc6 Nxg4 45. Be4 Nxh6 46. Bxh7 Nf7 47.
f4 Nxd6 48. Kf3 Ke7 49. Bd3 Nb7 50. Ke3 Nc5 51. Be2 Kd6 52. Kd4 Nd7 53. Bg4 Nf6
54. Bf3 b5 55. a3 Nd5 56. f5 e5+ 57. Kd3 Nf6 58. Bd1 a5 59. Bb3 Kc5 60. Be6 a4
61. Bf7 b4 62. axb4+ Kxb4 63. Be6 Kc5 64. Bf7 Kb4 65. Be6 Ka3 66. Kc3 e4 67. Bc4
Ng4 68. Bb5 Ne3 69. Bxa4 Kxa4 70. Kd4 Nxf5+ 71. Kxe4 1/2-1/2

[Event "36th Zalakaros Open 2017"]
[Site "Zalakaros HUN"]
[Date "2017.05.24"]
[Round "7.10"]
[White "Vajda, Levente"]
[Black "Antal, Gergely"]
[Result "1/2-1/2"]
[WhiteTitle "GM"]
[BlackTitle "GM"]
[WhiteElo "2600"]
[BlackElo "2517"]
[WhiteFideId "1203975"]
[BlackFideId "717312"]
[EventDate "2017.05.18"]

1. Nf3 Nf6 2. g3 c5 3. Bg2 Nc6 4. d3 d5 5. Nbd2 e6 6. O-O Be7 7. c3 O-O 8. a3 a5
9. a4 b6 10. Nb1 h6 11. Na3 Bb7 12. Qb3 Rb8 13. Nb5 e5 14. Nd2 Qd7 15. e4 d4 16.
Nc4 Ba6 17. Rd1 Ne8 18. f4 Nd6 19. Ncxd6 Bxd6 20. f5 Be7 21. h4 dxc3 22. bxc3
Na7 23. Nxa7 c4 24. dxc4 Qxa7 25. Ba3 Bxc4 26. Qc2 Bxa3 27. Rxa3 Rfd8 28. Kh2
Rxd1 29. Qxd1 Qe7 30. Ra1 Rd8 31. Qg1 Qc5 32. Rb1 Qxg1+ 33. Kxg1 Rd6 34. Bf1
Bxf1 35. Kxf1 Rc6 36. Kf2 Kf8 37. Rb3 Ke7 1/2-1/2

[Event "36th Zalakaros Open 2017"]
[Site "Zalakaros HUN"]
[Date "2017.05.24"]
[Round "7.11"]
[White "Puranik, Abhimanyu"]
[Black "Prohaszka, Peter2"]
[Result "1/2-1/2"]
[WhiteTitle "IM"]
[BlackTitle "GM"]
[WhiteElo "2459"]
[BlackElo "2596"]
[WhiteFideId "5061245"]
[BlackFideId "726265"]
[EventDate "2017.05.18"]

1. e4 c6 2. Nf3 d5 3. Nc3 dxe4 4. Nxe4 Nf6 5. Qe2 Bf5 6. Nxf6+ gxf6 7. d3 Nd7 8.
g3 Bg4 9. d4 Qa5+ 10. Bd2 Qf5 11. Nh4 Bxe2 12. Nxf5 Bxf1 13. Rxf1 e6 14. Ne3 Nb6
15. c4 O-O-O 16. b3 f5 17. Bc3 Bg7 18. O-O-O h5 19. Ng2 c5 20. dxc5 Bxc3 21.
cxb6 axb6 22. Kc2 Bf6 23. Rxd8+ Kxd8 24. Kd3 h4 25. Ke2 hxg3 26. hxg3 Kc7 27.
Rd1 Be7 28. Nf4 Ra8 29. a4 Rh8 30. Nd3 Bd6 31. Ne1 f4 32. gxf4 Bxf4 33. Nd3 Bd6
34. Rg1 Rh5 35. Rg7 Rf5 36. f3 Kd7 37. Nf2 Ke7 38. Ne4 Be5 39. Rh7 Bd4 1/2-1/2

[Event "36th Zalakaros Open 2017"]
[Site "Zalakaros HUN"]
[Date "2017.05.24"]
[Round "7.14"]
[White "Krzyzanowski, Marcin"]
[Black "Kantor, Gergely"]
[Result "1/2-1/2"]
[WhiteTitle "IM"]
[BlackTitle "IM"]
[WhiteElo "2457"]
[BlackElo "2481"]
[WhiteFideId "1132199"]
[BlackFideId "751499"]
[EventDate "2017.05.18"]

1. e4 e5 2. Bc4 Nc6 3. d3 Nf6 4. Nc3 Na5 5. Qf3 Be7 6. Nge2 O-O 7. Ng3 d6 8. Nf5
Be6 9. Bg5 Bxf5 10. Qxf5 Nd5 11. Bxd5 Bxg5 12. a3 Nc6 13. Ne2 Bh6 14. Ba2 Ne7
15. Qf3 Kh8 16. Ng3 Qd7 17. Nf5 Nxf5 18. exf5 c6 19. Qh5 Qe7 20. O-O d5 21. Rae1
Qf6 22. c3 Rae8 23. Re2 Bg5 24. Rfe1 g6 25. fxg6 fxg6 26. Qh3 e4 27. Rf1 e3 28.
f3 d4 29. Qg4 Bf4 30. g3 Be5 31. f4 dxc3 32. bxc3 Bxc3 33. Kg2 Qd6 34. Bb1 Bd4
35. h4 h5 36. Qg5 Kg7 37. Qa5 Rf5 38. Qa4 Re7 39. Ba2 Rc5 40. Qb3 Qd5+ 41. Qxd5
cxd5 42. f5 Bf6 43. d4 Bxd4 44. Rd1 Bc3 45. Bxd5 gxf5 46. Bf3 Rce5 47. Rd3 Bd2
48. Bxh5 b5 49. Kh3 a5 50. g4 fxg4+ 51. Bxg4 Kh7 52. Rd4 b4 53. axb4 axb4 54.
Rf4 Kh6 55. Rf6+ Kg7 56. Rb6 Rf7 57. Rg2 Rf2 58. Be2+ Rxg2 59. Kxg2 Rf5 60. Bf3
Rc5 61. h5 Rg5+ 62. Kf1 Rf5 63. Ke2 Rf6 64. Rxf6 Kxf6 65. Bd5 Kg5 66. Bf7 Kf6
67. Bb3 Kg5 68. Bf7 Kf4 69. h6 Bc3 70. h7 Bf6 71. Bg8 Ke4 72. Bf7 Kd4 73. Bg8
Bh8 74. Bf7 Ke4 75. Bg8 Kd4 1/2-1/2

[Event "36th Zalakaros Open 2017"]
[Site "Zalakaros HUN"]
[Date "2017.05.24"]
[Round "7.16"]
[White "Livaic, Leon"]
[Black "Aleksandrov, Aleksej"]
[Result "1/2-1/2"]
[WhiteTitle "IM"]
[BlackTitle "GM"]
[WhiteElo "2464"]
[BlackElo "2559"]
[WhiteFideId "14531534"]
[BlackFideId "13500139"]
[EventDate "2017.05.18"]

1. d4 Nf6 2. c4 e6 3. Nf3 d5 4. Nc3 Bb4 5. Qa4+ Nc6 6. e3 O-O 7. Bd2 Re8 8. a3
Bf8 9. Rd1 Ne4 10. Be2 Nxd2 11. Rxd2 a6 12. O-O g6 13. Re1 Bg7 14. Bf1 Ne7 15.
Qc2 b6 16. cxd5 exd5 17. Rc1 Bb7 18. Na2 Rc8 19. Nb4 c5 20. dxc5 Rxc5 21. Qd1
Rxc1 22. Qxc1 a5 23. Nc2 Qc7 24. Qb1 Rc8 1/2-1/2

[Event "36th Zalakaros Open 2017"]
[Site "Zalakaros HUN"]
[Date "2017.05.24"]
[Round "7.20"]
[White "Kozak, Adam"]
[Black "Praggnanandhaa, R"]
[Result "1/2-1/2"]
[WhiteTitle "FM"]
[BlackTitle "IM"]
[WhiteElo "2411"]
[BlackElo "2471"]
[WhiteFideId "753246"]
[BlackFideId "25059530"]
[EventDate "2017.05.18"]

1. d4 Nf6 2. c4 g6 3. Nc3 d5 4. Bf4 Bg7 5. e3 O-O 6. cxd5 Nxd5 7. Nxd5 Qxd5 8.
Bxc7 Na6 9. Bxa6 Qxg2 10. Qf3 Qxf3 11. Nxf3 bxa6 12. Rc1 f6 13. Rg1 Bb7 14. Ke2
e5 15. dxe5 Bxf3+ 16. Kxf3 fxe5+ 17. Ke2 Rf7 18. b3 Raf8 19. Rgf1 h5 20. Bd6 Re8
21. Bb4 Re6 22. Rc4 Ref6 23. Bc3 Rf3 24. Rc6 Kh7 25. Rc5 Rh3 26. Rh1 Rhf3 27.
Rf1 Rh3 28. Rh1 Rhf3 1/2-1/2

[Event "36th Zalakaros Open 2017"]
[Site "Zalakaros HUN"]
[Date "2017.05.24"]
[Round "7.26"]
[White "Almasi, Istvan"]
[Black "Jarmula, Lukasz"]
[Result "1/2-1/2"]
[WhiteTitle "IM"]
[BlackTitle "IM"]
[WhiteElo "2398"]
[BlackElo "2469"]
[WhiteFideId "701742"]
[BlackFideId "1160664"]
[EventDate "2017.05.18"]

1. d4 Nf6 2. Nf3 g6 3. Bf4 Bg7 4. e3 O-O 5. c3 d6 6. h3 c5 7. dxc5 dxc5 8. Qxd8
Rxd8 9. Nbd2 Nd5 10. Be5 Bxe5 11. Nxe5 Nd7 12. Ndf3 Nxe5 13. Nxe5 Nb6 14. a4 Be6
15. a5 Nd7 16. Nxd7 Rxd7 17. Bb5 Rd6 18. Rd1 c4 19. Rxd6 exd6 20. Ke2 Rc8 21.
Ba4 Rc5 22. a6 bxa6 23. Rd1 Ra5 24. Bc6 d5 25. e4 dxe4 26. Bxe4 Rb5 27. Rd2 Kf8
28. Bc6 Re5+ 29. Kd1 Ke7 30. Rd4 Ra5 31. Kc2 Ra1 32. Bd5 Bf5+ 33. Be4 Rf1 34.
Rxc4 Rxf2+ 35. Kc1 Bxe4 36. Rxe4+ Kd6 37. g4 f5 38. gxf5 gxf5 39. Rh4 f4 40.
Rxh7 Ke5 41. Re7+ Kd5 42. b3 a5 43. h4 a6 44. h5 Rh2 45. Kd1 Rb2 46. h6 Rxb3 47.
h7 Rb8 48. Rg7 Rh8 49. Ra7 Ke4 50. Ke2 a4 51. Rxa6 Rxh7 52. Rxa4+ Kf5 53. Kf3
Rh3+ 54. Kg2 Rg3+ 55. Kf2 Kg4 56. Ra8 Rxc3 57. Rg8+ Kf5 1/2-1/2

[Event "36th Zalakaros Open 2017"]
[Site "Zalakaros HUN"]
[Date "2017.05.24"]
[Round "7.27"]
[White "Nguyen, Piotr"]
[Black "Rudolf, Michal"]
[Result "1/2-1/2"]
[WhiteTitle "IM"]
[BlackTitle "FM"]
[WhiteElo "2453"]
[BlackElo "2340"]
[WhiteFideId "1127993"]
[BlackFideId "1106210"]
[EventDate "2017.05.18"]

1. f4 b6 2. e4 Bb7 3. d3 e6 4. Nf3 d5 5. e5 c5 6. c3 Ne7 7. d4 Qd7 8. Be3 Ba6 9.
Bxa6 Nxa6 10. O-O Nf5 11. Bf2 h5 12. Nbd2 Be7 13. g3 Nb8 14. h3 Nc6 15. Qe2 g6
16. Kg2 Rc8 17. g4 Ng7 18. dxc5 bxc5 19. Rad1 Qb7 20. b4 cxb4 21. cxb4 Nxb4 22.
Rb1 O-O 23. a3 1/2-1/2

[Event "36th Zalakaros Open 2017"]
[Site "Zalakaros HUN"]
[Date "2017.05.24"]
[Round "7.33"]
[White "Tate, Alan"]
[Black "Farago, Ivan"]
[Result "1/2-1/2"]
[WhiteTitle "FM"]
[BlackTitle "GM"]
[WhiteElo "2320"]
[BlackElo "2411"]
[WhiteFideId "2401878"]
[BlackFideId "700134"]
[EventDate "2017.05.18"]

1. e4 e6 2. d4 d5 3. Nd2 h6 4. Ngf3 Nf6 5. e5 Nfd7 6. c4 c5 7. cxd5 exd5 8. e6
Qe7 9. Be2 Qxe6 10. O-O Be7 11. Re1 O-O 12. Nb3 Nc6 13. dxc5 Nxc5 14. Nxc5 Bxc5
15. Bc4 Qf6 16. Qxd5 Bb4 17. Rf1 Bf5 18. Bd3 Bxd3 19. Qxd3 Rfe8 20. Qb3 a5 21.
Be3 a4 1/2-1/2

[Event "36th Zalakaros Open 2017"]
[Site "Zalakaros HUN"]
[Date "2017.05.24"]
[Round "7.34"]
[White "Gazik, Igor"]
[Black "Frolov, Artur"]
[Result "1/2-1/2"]
[WhiteTitle "IM"]
[BlackTitle "IM"]
[WhiteElo "2292"]
[BlackElo "2410"]
[WhiteFideId "14900149"]
[BlackFideId "14100134"]
[EventDate "2017.05.18"]

1. e4 e5 2. Nf3 Nc6 3. Bb5 a6 4. Ba4 Nf6 5. O-O Be7 6. Bxc6 dxc6 7. d3 Nd7 8.
Nbd2 O-O 9. Nc4 f6 10. b3 Nc5 11. Bb2 Ne6 12. d4 exd4 13. Nxd4 Nxd4 14. Qxd4
Qxd4 15. Bxd4 a5 16. e5 f5 17. f4 a4 18. Nd2 Rd8 19. Nf3 Be6 20. Rfd1 h6 21. Be3
c5 22. Rxd8+ Rxd8 23. Kf2 Kf7 24. Ke2 Ra8 25. Rd1 b5 26. g3 c6 27. Nd2 axb3 28.
axb3 Ra2 29. Kd3 c4+ 30. bxc4 bxc4+ 31. Nxc4 Bxc4+ 32. Kxc4 Rxc2+ 33. Kd3 Rxh2
34. Rc1 Rg2 35. Rxc6 Rxg3 36. Ke2 Rg2+ 37. Kf3 Ra2 38. e6+ Kg6 39. Bd4 Ra3+ 40.
Ke2 Ra8 41. Rc1 Kh7 42. Rc7 Re8 43. Kd3 Bf8 44. Rf7 Kg8 45. Rxf5 Rxe6 46. Re5
Rg6 47. f5 Rg4 48. Ra5 Be7 49. Ra7 Bf6 50. Bxf6 gxf6 51. Ra6 Kf7 52. Ra7+ Ke8
53. Rh7 Rh4 54. Ke3 Kf8 55. Kf3 Kg8 56. Ra7 h5 57. Rb7 Rg4 58. Ra7 Rg5 59. Kf4
Rg7 60. Ra6 Rg4+ 61. Kf3 Kg7 62. Rb6 Rg1 63. Rb7+ Kf8 64. Rh7 Rg5 65. Kf4 Kg8
66. Ra7 Rg7 67. Ra6 Rg4+ 68. Kf3 Kg7 69. Rb6 Rg5 70. Kf4 Rg4+ 71. Kf3 Ra4 72.
Kg3 Ra5 73. Kf4 Ra3 74. Rc6 Ra4+ 75. Kg3 h4+ 76. Kh3 Rf4 77. Ra6 Rxf5 78. Kxh4
Rg5 79. Ra4 Kg6 80. Rg4 Kf5 81. Rxg5+ fxg5+ 82. Kg3 g4 83. Kg2 Kf4 84. Kf2 g3+
85. Kg2 Kg4 86. Kg1 Kf4 87. Kg2 Ke5 88. Kxg3 1/2-1/2

[Event "36th Zalakaros Open 2017"]
[Site "Zalakaros HUN"]
[Date "2017.05.24"]
[Round "7.37"]
[White "Munkhgal, Gombosuren"]
[Black "Beletic, Daniel"]
[Result "1/2-1/2"]
[WhiteTitle "IM"]
[BlackTitle "FM"]
[WhiteElo "2445"]
[BlackElo "2315"]
[WhiteFideId "4901266"]
[BlackFideId "14602709"]
[EventDate "2017.05.18"]

1. d4 d6 2. Nf3 g6 3. g3 Bg7 4. Bg2 Nf6 5. O-O O-O 6. c4 Nbd7 7. Nc3 e5 8. e4
exd4 9. Nxd4 Re8 10. h3 a6 11. Be3 Rb8 12. a4 a5 13. Qc2 c6 14. Rad1 Qe7 15.
Rfe1 Nc5 16. Bf4 Nfd7 17. Nb3 Ne5 18. Nxa5 Qc7 19. b4 Na6 20. Qb1 b6 21. Nb3
Nxb4 22. Nd4 Na6 23. Bxe5 dxe5 24. Nb3 Be6 25. Bf1 Bf8 26. Na2 Ra8 27. Nc3 Nc5
28. Nxc5 Bxc5 29. Qc2 Rf8 30. Rd2 f6 31. Kg2 Qg7 32. Red1 Kh8 33. Qb3 f5 34.
exf5 gxf5 35. Kh2 Rg8 36. Bg2 e4 37. g4 b5 38. Bf1 b4 39. Ne2 Bxf2 40. Nf4 e3
41. Rxf2 exf2 42. Qe3 Bf7 43. Rd7 Qf6 44. gxf5 Rxa4 45. Ng6+ Bxg6 46. fxg6 Rxg6
47. Qe8+ Rg8 48. Qe4 Rg7 49. Qe8+ Rg8 50. Qe4 Rg7 51. Qe8+ 1/2-1/2

[Event "36th Zalakaros Open 2017"]
[Site "Zalakaros HUN"]
[Date "2017.05.24"]
[Round "7.39"]
[White "Paschall, William M."]
[Black "Pultorak, Jan"]
[Result "1/2-1/2"]
[WhiteTitle "IM"]
[BlackTitle "FM"]
[WhiteElo "2380"]
[BlackElo "2303"]
[WhiteFideId "2005379"]
[BlackFideId "1176021"]
[EventDate "2017.05.18"]

1. Nf3 Nf6 2. c4 g6 3. Nc3 d5 4. cxd5 Nxd5 5. d3 Bg7 6. Bd2 Nb6 7. g3 Nc6 8. Bg2
O-O 9. O-O e5 10. Rc1 Nd4 11. Ne4 Re8 12. Nxd4 exd4 13. a4 Nd5 14. a5 h6 15. Qb3
Rb8 16. Qxd5 Qxd5 17. Nf6+ Bxf6 18. Bxd5 c6 19. Bf3 Kg7 20. h4 1/2-1/2